Dialogos de la naturaleza del Hombre, de su principio y su fin (Record no. 191693)
[ view plain ]
| 000 -LEADER | |
|---|---|
| campo de control de longitud fija | 01707nmm a2200289 i 4500 |
| 001 - NÚMERO DE CONTROL | |
| campo de control | 191693 |
| 003 - IDENTIFICADOR DE NÚMERO DE CONTROL | |
| campo de control | SpMaBN |
| 005 - FECHA Y HORA DE LA ÚLTIMA TRANSACCIÓN | |
| campo de control | 20250824063059.0 |
| 008 - DATOS DE LONGITUD FIJA--INFORMACIÓN GENERAL | |
| campo de control de longitud fija | 221007e1614 sp |o | ||| ||spa |
| 040 ## - FUENTE DE CATALOGACIÓN | |
| Centro catalogador/agencia de origen | Palacio Real. Catálogo de impresos españoles del S. XVII |
| Lengua de catalogación | spa |
| Centro/agencia transcriptor | SpMaBN |
| Centro/agencia modificador | SpMaBN |
| Normas de descripción | rdc |
| 080 ## - NÚMERO DE LA CLASIFICACIÓN DECIMAL UNIVERSAL | |
| Número de la Clasificación Decimal Universal | 27-42"16" |
| 100 1# - ENTRADA PRINCIPAL--NOMBRE DE PERSONA | |
| Nombre de persona | Sabunde, Ramón, |
| Fechas asociadas al nombre | ca. 1385-1436 |
| Término indicativo de función/relación | Autor |
| 9 (RLIN) | 175416 |
| 245 10 - MENCIÓN DEL TÍTULO | |
| Título | Dialogos de la naturaleza del Hombre, de su principio y su fin |
| Medio | [Recurso electrónico] : |
| Resto del título | en los quales se le da ... verdadero conocimiento assi de Iesu Christo ... como de si mismo / |
| Mención de responsabilidad, etc. | traduzidos de lengua latina, en la qual los compuso ... Remundo Sebunde, en castellana y anotados por ... fray Antonio Ares, predicador de ... los Minimos ... |
| 246 1# - FORMA VARIANTE DEL TITULO | |
| Título propio/Titulo breve | Diálogos de la naturaleza del hombre, de su principio y su fin |
| 260 ## - PUBLICACIÓN, DISTRIBUCIÓN, ETC. | |
| Lugar de publicación, distribución, etc. | En Madrid : |
| Nombre del editor, distribuidor, etc. | por Iuan de la Cuesta : vendense en el conuento de N. Señora de la Victoria, |
| Fecha de publicación, distribución, etc. | 1614 |
| 300 ## - DESCRIPCIÓN FÍSICA | |
| Extensión | [32], 751, [8] páginas ; |
| Dimensiones | 4º (20 cm) |
| 530 ## - NOTA DISPONIBLE DE FORMULARIO FÍSICO ADICIONAL | |
| Nota de formato físico adicional disponible | Disponible en formato digital |
| 650 #4 - PUNTO DE ACCESO ADICIONAL DE MATERIA--TÉRMINO DE MATERIA | |
| Término de materia o nombre geográfico como elemento de entrada | Moral cristiana- |
| Subdivisión cronológica | S.XVII |
| 9 (RLIN) | 242007 |
| 700 1# - ENTRADA AGREGADA--NOMBRE PERSONAL | |
| Nombre de persona | Ares, Antonio |
| Títulos y otros términos asociados al nombre | (O.M.) |
| Término indicativo de función/relación | Traductor |
| -- | Anotador |
| 9 (RLIN) | 175415 |
| 700 1# - ENTRADA AGREGADA--NOMBRE PERSONAL | |
| Nombre de persona | Cuesta, Juan de la, |
| Fechas asociadas al nombre | fl. 1604-1627 |
| Término indicativo de función/relación | Impresor |
| 9 (RLIN) | 42041 |
| 752 ## - ENTRADA AGREGADA--NOMBRE JERÁRQUICO DEL LUGAR | |
| País o entidad superior | España - |
| Ciudad | Madrid |
| 852 4# - LOCALIZACIÓN | |
| Ubicación | ES-MaACL |
| 856 4# - LOCALIZACIÓN Y ACCESO ELECTRÓNICOS | |
| Identificador Uniforme de Recursos | <a href="https://bibliotecavirtualmadrid.comunidad.madrid/bvmadrid_publicacion/es/consulta/registro.do?id=25492">https://bibliotecavirtualmadrid.comunidad.madrid/bvmadrid_publicacion/es/consulta/registro.do?id=25492</a> |
| Texto de enlace | Versión en línea |
| Nota pública | (Biblioteca Digital de Madrid) |
| 942 ## - ELEMENTOS DE ENTRADA SECUNDARIOS (KOHA) | |
| Fuente del sistema de clasificación o colocación | Clasificación decimal universal |
| Tipo de ítem Koha | Archivo de ordenador en CD-ROM, CD o disquete |
| Suprimir en OPAC | No |
| Estatus retirado | Estado de pérdida | Fuente del sistema de clasificación o colocación | Estado de daño | No para préstamo | Colección | Biblioteca de origen | Biblioteca actual | Ubicación en estantería | Fecha de adquisición | Total de préstamos | Signatura topográfica completa | Código de barras | Visto por última vez | Tipo de ítem Koha |
|---|---|---|---|---|---|---|---|---|---|---|---|---|---|---|
| Robo | Clasificación decimal universal | Colección digital | Biblioteca del Ateneo de Madrid | Biblioteca del Ateneo de Madrid | Depósito 2 | 07/10/2022 | G-1856 | 1204145 | 23/02/2023 | Archivo de ordenador en CD-ROM, CD o disquete |
